000 01965nam a22002897a 4500
001 1528
003 FISKH
005 20250530110159.0
008 230904b cb ||||| |||| 00| 0 khr d
020 _a9789995054885
040 _aFISKH
_beng
_cFISKH
_dFISKH
082 _a577.63
100 _aMengcheang, Sungheng
245 _aដំណើរឡើងតាមទន្លេមេគង្គលើ /
_bមានបន្ថែមទិន្នន័យថ្មីៗ!
_cនិពន្ធដោយ ស៊ុនហេង ម៉េងឈាង - អត្តបទអំពីខេត្តកណ្ដាល កំពង់ស្ពឺ ស្វាយរៀង ដោយ ស៊ុន សុគន្ធមាលា
250 _aបោះពុម្ពលើកទី ៥​ មេសា​ ២០២២
260 _aPhnom Penh :
_bSipar,
_c2022.
300 _a39 pages :
_bcolor illustrations ;
_c20 cm
490 _aខ្ញុំចង់ដឹង
505 _aZ'
520 _aដំណើរឆ្ពោះទៅទន្លេមេគង្គលើ ពិពណ៌នាអំពីការធ្វើដំណើរតាមដងទន្លេមេគង្គលើនៃរបៀបដែលប្រជាជនរស់នៅក្នុងខេត្តកំពង់ចាម ក្រចេះ ស្ទឹងត្រែង រតនគិរី មណ្ឌលគិរី និងឡាវ ដែលជាប្រទេសជិតខាងរបស់យើង។
520 _aJourney to Upper Mekong describes a journey along the upper Mekong River and shows how people live in Kampong Cham, Kratie, Steoung Treng, Rattanakiri, Mondolkiri and Laos, a neighboring country.
521 8 _a1000
_bLexile estimate
521 8 _aZ'
_bRaz-Plus
650 _aដងទន្លេមេគង្គ
_vដំណើរ
_xជីវិត
650 _aMekong river
_vJourney
_xLife
942 _2ddc
_cBK
_n0
999 _c1528
_d1528